| 000 | 00430nam a2200157Ia 4500 | ||
|---|---|---|---|
| 003 | LK-CoDNM | ||
| 008 | 010623t1892 xxu||||| |||| 00| 1 sin d | ||
| 040 |
_aLK-CoDNM _dLK-CoDNM _eLK-CoDNM |
||
| 041 | _asin | ||
| 080 | _a104 U.22 | ||
| 245 | _aඥාණ ප්රබෝදනය | ||
| 246 | _aSimple truths of christianity | ||
| 260 |
_bCeylon religious tract society _aColombo _c1892 |
||
| 300 | _b4p., 18 cm | ||
| 942 | _cBK | ||
| 999 |
_c83558 _d83558 |
||